[Event "SRB-chT Women 1st League 2019"]
[Site "Subotica"]
[Date "2019.09.01"]
[Round "11"]
[White "Terbe, Julianna"]
[Black "Rapport, Jovana"]
[Result "0-1"]
[WhiteElo "2298"]
[BlackElo "2370"]
[Annotator "TA"]
[PlyCount "74"]
[EventDate "2019.??.??"]
[EventCountry "SRB"]
[SourceTitle "playchess.com"]
[Source "ChessBase"]
[SourceQuality "1"]

{[%evp 21,74,33,28,9,14,4,42,28,35,24,58,55,48,52,56,55,60,68,66,73,77,79,83,17,3,-33,35,-25,-14,-16,35,-96,0,-469,-443,-469,-452,-446,-335,-309,-225,-401,-398,-1384,-1107,-1037,-1012,-29966,-2945,-29965,-9849,-5785,-5290,-1767,-994]} 1. Nf3 Nf6 2. d4 b6 3. Bf4 Nh5 4. Bc1 Bb7 5. g3 e6 6. c4 Bb4+ 7. Bd2 Bxf3 8. exf3 Bxd2+ 9. Qxd2 d5 10. Nc3 Nf6 11. cxd5 Nxd5 12. Bc4 {A40: Unusual replies to 1 d4} (12. Bg2 Nc6 13. f4 Nce7 14. O-O c6 15. Rac1 O-O 16. Nd1 Qd6 17. Ne3 Rac8 18. Rfd1 Rfd8 19. Qe2 g6 {½-½ (26) Checa,N (2508)-Lenderman,A (2632) Tysons 2018}) 12... O-O 13. O-O Nc6 14. Nxd5 {White is slightly better.} exd5 15. Bb5 Ne7 16. Rac1 Qd6 $146 ({Predecessor:} 16... a6 17. Bc6 Rb8 18. Qf4 b5 19. Rc5 Qd6 20. Bxd5 Qxf4 21. gxf4 Nxd5 22. Rxd5 {½-½ (32) Vasilev,P (2100)-Michna,C (2222) Sunny Beach 2011}) 17. Rfe1 g6 18. Re5 a6 19. Ba4 Ra7 20. Rce1 c5 21. dxc5 bxc5 22. Qf4 ({White should play} 22. h4 $16) 22... Nc8 $11 23. Qh4 {Threatens to win with Re8.} Kg7 (23... Nb6 $15) 24. Re8 (24. b4 $14) 24... Rxe8 25. Rxe8 Ne7 (25... Nb6 $11) 26. g4 {[#]} (26. b4 $1 $14 {stays ahead.}) 26... Qf4 ({Black should try} 26... Rb7 $1 $17 27. Qg5 d4) 27. Bd1 $2 {[%mdl 8192]} ({Wrong is} 27. Rxe7 $2 g5 $19) (27. Qg3 $1 $11 {and White is okay.} Qxg3+ 28. fxg3) 27... Qc1 $19 28. g5 {[%csl Gg5][%cal Rh4h6]} Nf5 ({Resist} 28... Qxd1+ 29. Kg2 $19) 29. Qa4 Qxg5+ 30. Kf1 Qc1 {And now ...Rb7 would win.} 31. Rd8 $2 (31. Qc2 Qxc2 32. Bxc2) 31... d4 {Strongly threatening ...Re7.} 32. Qe8 $2 (32. Qc2 Qh6 33. Re8 (33. Qxc5 $2 Re7 $19)) 32... Qxd1+ {[%mdl 64] [#] Double Attack} 33. Kg2 Re7 34. Qf8+ Kf6 35. Qh8+ Kg5 36. Rd5 Re1 {( -> ...Rg1+)} 37. h4+ Kxh4 {Accuracy: White = 31%, Black = 54%.} 0-1

[Event "SRB-chT Women 1st League 2019"]
[Site "Subotica"]
[Date "2019.09.01"]
[Round "11"]
[White "Hejazipour, Mitra"]
[Black "Stojadinov, Svetlana"]
[Result "1-0"]
[WhiteElo "2251"]
[BlackElo "2014"]
[Annotator "TA"]
[PlyCount "63"]
[EventDate "2019.??.??"]
[EventCountry "SRB"]
[SourceTitle "playchess.com"]
[Source "ChessBase"]
[SourceQuality "1"]

{[%evp 14,63,32,20,43,27,45,35,46,18,100,93,85,91,88,84,98,93,103,88,96,98,88,74,79,79,79,73,76,72,106,100,87,13,12,13,31,39,35,23,22,8,12,10,14,8,12,0,0,0,8,6]} 1. c4 c6 2. Nf3 Nf6 3. e3 d5 4. Nc3 g6 5. d4 Bg7 6. Bd3 O-O 7. O-O a6 8. a4 {[%cal Ba2a4,Ba4a5][%mdl 32]} Nbd7 {D94: Grünfeld: 4 Nf3 Bg7 5 e3} (8... a5 9. b3 Bg4 10. Ba3 Re8 11. Rc1 e6 12. h3 Bxf3 13. Qxf3 Na6 14. Rfd1 Bf8 15. Bxf8 Rxf8 16. e4 {½-½ (35) Socko,B (2604)-Landa,K (2601) Czech Republic 2017}) 9. cxd5 cxd5 10. Bd2 Re8 $146 {White is slightly better.} ({Predecessor:} 10... b6 11. Qe2 Bb7 12. Rfd1 Ne4 13. Be1 e6 14. a5 b5 15. Na2 f5 16. Bb4 Rf7 17. Ne1 {1-0 (45) Ratkovic,M (2273)-Pastar,S (2133) Obrenovac 2013}) 11. Qb3 Qb6 (11... Nb8 $11 {keeps the balance.}) 12. Qxb6 $16 Nxb6 13. a5 Nbd7 14. Na4 Ne4 {[#]} 15. Bb4 $1 Rb8 16. Rfc1 b5 17. axb6 Nxb6 18. Rc7 Bf6 19. Nxb6 Rxb6 20. Ba3 Nd6 21. Rac1 {[#] Bxd6 is the strong threat.} Bf5 22. Bxf5 gxf5 23. R1c6 (23. Rd7 $16) 23... Rxc6 $11 24. Rxc6 Rc8 25. Rxc8+ Nxc8 $14 {[%mdl 4096] Endgame KBN-KBN} 26. Bc5 Kf8 27. Ne1 {The position is equal.} Ke8 28. Nd3 a5 {[%cal Ba6a5,Ba5a4][%mdl 32]} 29. Nc1 Kd7 30. Nb3 a4 31. Nc1 Kc6 32. Ne2 {[%mdl 32768] Accuracy: White = 51%, Black = 62%. . Loss on time!?} 1-0

[Event "SRB-chT Women 1st League 2019"]
[Site "Subotica"]
[Date "2019.09.01"]
[Round "11"]
[White "Petronic, Sanja"]
[Black "Nestorovic, Irena"]
[Result "1-0"]
[WhiteElo "2205"]
[BlackElo "2050"]
[Annotator "ChessBase"]
[PlyCount "67"]
[EventDate "2019.??.??"]
[EventCountry "SRB"]
[SourceTitle "playchess.com"]
[Source "ChessBase"]
[SourceQuality "1"]
[TimeControl "40/5400+30:1800+30"]

1. e4 e5 2. Nf3 Nc6 3. d4 exd4 4. Nxd4 Bc5 5. Be3 Bb6 6. Nf5 Bxe3 7. Nxe3 d6 8. Nc3 Nf6 9. Be2 O-O 10. f4 Re8 11. Bf3 Bd7 12. Qd2 a5 13. O-O Nb4 14. Rad1 Bc6 15. Ned5 Nbxd5 16. exd5 Bd7 17. Rde1 Bf5 18. Rxe8+ Qxe8 19. Re1 Qd7 20. a4 Re8 21. Rxe8+ Nxe8 22. Qe2 Nf6 23. Nb5 Kf8 24. h3 Qe7 25. Qxe7+ Kxe7 26. Nd4 Bd7 27. b3 g6 28. Kf2 h5 29. Ke3 Ne8 30. f5 Kf6 31. fxg6 fxg6 32. h4 Ke5 33. Be4 Nf6 34. Nf3# 1-0

[Event "SRB-chT Women 1st League 2019"]
[Site "Subotica"]
[Date "2019.09.01"]
[Round "11"]
[White "Nestorovic, Katarina"]
[Black "Manakova, Maria"]
[Result "0-1"]
[WhiteElo "2159"]
[BlackElo "2237"]
[Annotator "TA"]
[PlyCount "58"]
[EventDate "2019.??.??"]
[EventCountry "SRB"]
[SourceTitle "playchess.com"]
[Source "ChessBase"]
[SourceQuality "1"]

{[%evp 20,58,22,6,6,6,12,2,8,12,21,17,22,11,11,0,8,0,13,-8,-7,-8,-8,-10,-16,-45,-8,-55,-54,-62,-16,-39,0,-4,24,14,46,14,2,7,14]} 1. e4 c5 2. Nf3 Nc6 3. d4 cxd4 4. Nxd4 Nf6 5. Nc3 e5 6. Ndb5 d6 7. Bg5 a6 8. Na3 b5 {[%cal Bb7b5,Bb5b4][%mdl 32]} 9. Nd5 Be7 10. Bxf6 Bxf6 11. c4 b4 {B33: Sicilian: Pelikan and Sveshnikov Variations} 12. Nc2 O-O 13. g3 Bg5 (13... Be6 14. Bg2 Bxd5 15. cxd5 Nd4 16. O-O Nxc2 17. Qxc2 Bg5 18. h4 Bh6 19. a3 {½-½ (32) Jakovenko,D (2719)-Giri,A (2797) Shenzhen 2019}) 14. Bg2 Qa5 {[#] aiming for ...b3+.} 15. O-O Qc5 16. h4 Bd8 17. b3 a5 {[#]} 18. Ne1 $146 ({Predecessor:} 18. Qe2 Be6 19. Rfd1 a4 20. Kh2 Ra7 21. Qe3 g6 22. Bh3 Bxd5 23. Qxc5 dxc5 24. cxd5 Nd4 25. Nxd4 cxd4 26. Rac1 {½-½ (26) Wilczek,T (2592)-Fleetwood,D (2577) ICCF email 2011}) 18... Rb8 19. Nd3 Qa7 20. Rc1 Bb6 21. Kh2 Bd4 22. h5 f5 23. exf5 Bxf5 24. g4 Be6 25. f4 Ne7 26. Qe2 $132 {[%cal Rf4e5][%mdl 2048] White is not keeping still} Qd7 27. Kh3 {[%cal Rf4e5]} Kh8 28. Nxe7 Qxe7 29. f5 Bd7 {[%mdl 32768] Accuracy: White = 49%, Black = 35%. . Loss on time!?} 0-1

[Event "SRB-chT Women 1st League 2019"]
[Site "Subotica"]
[Date "2019.09.01"]
[Round "11"]
[White "Nonkovic, Bogdana"]
[Black "Gakovic, Isidora"]
[Result "0-1"]
[WhiteElo "2062"]
[BlackElo "1745"]
[Annotator "NA"]
[PlyCount "54"]
[EventDate "2019.??.??"]
[EventCountry "SRB"]
[SourceTitle "playchess.com"]
[Source "ChessBase"]
[SourceQuality "1"]
[TimeControl "40/5400+30:1800+30"]

1. Nf3 e6 2. c4 Nf6 3. g3 d5 4. d4 b6 5. Bg2 Bb7 6. O-O Be7 7. Re1 O-O 8. Ne5 c5 9. cxd5 Bxd5 10. Nf3 cxd4 11. Qxd4 Bc5 12. Qh4 Ne4 13. e3 Be7 14. Qh3 Bf6 15. Nbd2 Na6 16. Nxe4 Bxe4 17. Ng5 Bg6 18. Ne4 Rc8 19. Nxf6+ Qxf6 20. e4 Rc2 21. f4 Nc5 22. e5 Qe7 23. Be3 Nd3 24. Red1 Nxb2 25. Rd4 Qa3 26. Bf2 Qc3 27. g4 Nd3 0-1

[Event "SRB-chT Women 1st League 2019"]
[Site "Subotica"]
[Date "2019.09.01"]
[Round "11"]
[White "Tomin, Ksenija"]
[Black "Zarkovic, Mila"]
[Result "0-1"]
[WhiteElo "2041"]
[BlackElo "2141"]
[Annotator "ChessBase"]
[PlyCount "54"]
[EventDate "2019.??.??"]
[EventCountry "SRB"]
[SourceTitle "playchess.com"]
[Source "ChessBase"]
[SourceQuality "1"]
[TimeControl "40/5400+30:1800+30"]

1. e4 c5 2. Nf3 d6 3. c3 Nf6 4. h3 Nc6 5. Bd3 d5 6. exd5 Qxd5 7. Qe2 Bf5 8. Bc4 Qd7 9. O-O e6 10. d4 Rd8 11. Ne5 Qc7 12. Bf4 Qb6 13. a4 cxd4 14. Bb5 Nd5 15. Bd2 a6 16. Bxc6+ bxc6 17. cxd4 Bd6 18. Qc4 O-O 19. Rc1 Bxe5 20. dxe5 Qxb2 21. Ra2 Qxe5 22. Qxc6 Nf4 23. Be3 Be4 24. Qc5 Qxc5 25. Bxc5 Nd3 26. Bxf8 Nxc1 27. Rd2 Rxf8 0-1

[Event "SRB-chT Women 1st League 2019"]
[Site "Subotica"]
[Date "2019.09.01"]
[Round "11"]
[White "Milivojevic, Jelena"]
[Black "Djukic, Sandra"]
[Result "0-1"]
[WhiteElo "1983"]
[BlackElo "2179"]
[Annotator "TA"]
[PlyCount "74"]
[EventDate "2019.??.??"]
[EventCountry "SRB"]
[SourceTitle "playchess.com"]
[Source "ChessBase"]
[SourceQuality "1"]

{[%evp 16,74,-1,-6,-6,-15,0,-10,-8,-22,19,-52,-64,-64,-54,-46,-35,-50,-41,-101,-90,-93,-92,-115,-113,-96,-95,-109,-114,-133,-135,-155,-153,-160,-124,-161,-153,-200,-129,-147,-144,-289,-295,-288,-288,-288,-291,-316,-318,-316,-315,-456,-427,-380,-358,-554,-535,-593,-520,-532,-423]} 1. d4 e6 2. Nf3 Nf6 3. e3 b6 4. Bd3 Bb7 5. O-O d5 6. b3 Bd6 7. Bb2 O-O 8. Ne5 c5 9. Nd2 Nc6 {D05: Colle System with ...e6} 10. a3 Ne7 11. Qe2 (11. dxc5 bxc5 12. c4 Ng6 13. Nxg6 hxg6 14. cxd5 exd5 {½-½ (40) Nakamura,H (2763)-Le,Q (2715) chess.com INT 2018}) 11... Qc7 {The position is equal.} 12. Rac1 Rac8 $146 ({Predecessor:} 12... Ne4 13. c4 Nxd2 14. Qxd2 Bxe5 15. dxe5 dxc4 16. bxc4 Rfd8 17. Qc2 {1-0 (108) Duong,T (2207)-Hua,E (2340) Montreal 2018}) 13. Ba6 (13. f4 $11) 13... Bxa6 $15 14. Qxa6 Bxe5 15. dxe5 Ng4 16. Nf3 Ng6 {[%cal Rg4e5]} 17. Rfd1 (17. c4 $15) 17... N6xe5 18. Nxe5 Nxe5 19. Bxe5 Qxe5 20. Qxa7 {[#]} Qd6 $1 {Strongly threatening ...Ra8.} 21. Qa4 Ra8 22. Qg4 Rxa3 23. h4 Qe5 24. g3 f5 25. Qh5 b5 $36 {[%cal Bb6b5,Bb5b4][%mdl 2080] White is under strong pressure.} 26. Qe2 b4 27. Qb5 Qc7 28. c3 (28. Qd3 $17) 28... Rb8 $19 29. Qe2 {intending c4.} bxc3 ({Much less strong is} 29... Rxb3 30. c4 $19) 30. Rxc3 c4 31. Rdc1 {[%cal Rb3c4]} Raxb3 32. Rxb3 Rxb3 {KQR-KQR} 33. g4 (33. Qa2 $142 Qb7 34. Qd2) 33... fxg4 34. Qxg4 Qe5 35. Kh1 (35. h5 $142) 35... Qf6 {Black is clearly winning.} 36. Rg1 Rb7 37. Rc1 Rf7 {Accuracy: White =  8%, Black = 70%.} 0-1

[Event "SRB-chT Women 1st League 2019"]
[Site "Subotica"]
[Date "2019.09.01"]
[Round "11"]
[White "Vujcic, Milena"]
[Black "Benderac, Ana"]
[Result "1/2-1/2"]
[WhiteElo "1976"]
[BlackElo "2228"]
[Annotator "ChessBase"]
[PlyCount "54"]
[EventDate "2019.??.??"]
[EventCountry "SRB"]
[SourceTitle "playchess.com"]
[Source "ChessBase"]
[SourceQuality "1"]
[TimeControl "40/5400+30:1800+30"]

1. e4 g6 2. d4 Bg7 3. Nf3 d6 4. Nc3 Nf6 5. h3 O-O 6. Be3 a6 7. a4 Nc6 8. Be2 e5 9. d5 Ne7 10. O-O Ne8 11. Nd2 f5 12. f3 f4 13. Bf2 g5 14. a5 Nf6 15. Na4 Ng6 16. c4 Rf7 17. b4 h5 18. c5 Bf8 19. c6 bxc6 20. dxc6 Be6 21. Nb3 g4 22. hxg4 hxg4 23. fxg4 Qc8 24. Nc3 Nxg4 25. b5 axb5 26. Nxb5 Nxf2 27. Rxf2 Be7 1/2-1/2

[Event "SRB-chT Women 1st League 2019"]
[Site "Subotica"]
[Date "2019.09.01"]
[Round "11"]
[White "Pihajlic, Amalija"]
[Black "Chelushkina, Irina"]
[Result "0-1"]
[WhiteElo "1889"]
[BlackElo "2275"]
[Annotator "ChessBase"]
[PlyCount "46"]
[EventDate "2019.??.??"]
[EventCountry "SRB"]
[SourceTitle "playchess.com"]
[Source "ChessBase"]
[SourceQuality "1"]
[TimeControl "40/5400+30:1800+30"]

1. e4 c5 2. c3 d6 3. d4 Nf6 4. f3 Qc7 5. Be3 e6 6. Bb5+ Bd7 7. Bxd7+ Nbxd7 8. Ne2 Be7 9. O-O O-O 10. c4 cxd4 11. Qxd4 d5 12. cxd5 Bc5 13. Qd2 exd5 14. exd5 Nxd5 15. Bxc5 Qxc5+ 16. Nd4 Ne5 17. Na3 Rad8 18. Rfd1 Nb4 19. Rac1 Qb6 20. Nc4 Nxc4 21. Rxc4 Nc6 22. b4 Rxd4 23. Rxd4 Rd8 0-1